| 000 | 00508nam a2200157 4500 | ||
|---|---|---|---|
| 001 | 113668 | ||
| 003 | ES-MaACL | ||
| 007 | t| | ||
| 008 | 061121s1958 sp r ||||1| spa d | ||
| 100 | 1 |
_aPalau Vera, Juan. _988504 |
|
| 245 | 1 | 0 |
_aGeografía Universal / _cJuan Palau Vera. _pLibro II. |
| 250 | _a11ª ed. (corr. y aum. según las últimas publicaciones geográficas y estadísticas). | ||
| 260 |
_aBarcelona : _bSeix Barral, _c1958. |
||
| 300 |
_a224 p. ; _c18 cm + _e6 map. |
||
| 852 |
_aES-MaACL _jE-5125 |
||
| 999 |
_c113668 _d113668 |
||